000 02842cam a22003738i 4500
005 20200320194601.0
008 150814s2015 nyu 000 0 eng
020 _a9781250077332 (hardback)
040 _aDLC
_beng
_erda
_cDLC
_dMMLLC
042 _apcc
043 _ae-uk-en
050 0 0 _aSF442
_b.B67 2015
082 0 0 _a636.8
_223
100 1 _aBowen, James,
_eauthor.
_95903930
245 1 2 _aA gift from bob :
_bhow a street cat helped one man learn the meaning of Christmas /
_cJames Bowen.
264 1 _aNew York :
_bThomas Dunne Books,
_c2015.
264 2 _aOld Saybrook, Connecticut :
_bwww.micromarketing.org
300 _a[TBD] pages ;
_c[TBD] cm.
336 _atext
337 _aunmediated
338 _avolume
500 _aTitle and description based on available researched data.
520 _a"Bob Fever has swept the globe, with A Street Cat Named Bob vaulting its way to #7 on The New York Times bestseller list in its first week on sale. With rights sold to 27 countries around the globe and a top spot on the British bestseller list for more than a year, this book has been a smashing success around the world. As Street Cat Bob and James spend a cold and challenging December on the streets together, James once more draws strength and inspiration from his extraordinary cat--learning important lessons about the true meaning of Christmas along the way. From the day James rescued a street cat abandoned in the hallway of his sheltered accommodation, they began a friendship which has transformed both their lives and, through the bestselling books A Street Cat Named Bob and The World According to Bob, touched millions around the world. In this new story of their journey together, James looks back at the last Christmas they spent scraping a living on the streets and how Bob helped him through one of his toughest times--providing strength, friendship and inspiration but also teaching him important lessons about the true meaning of Christmas along the way. Readers who fell in love with Dewey and Marley, as well as the hundreds of thousands of fans who read A Street Cat Named Bob and The World According to Bob, will be eager to read the next chapters in the life of James and Bob"--
_cProvided by publisher.
650 0 _aCats
_vAnecdotes.
_95903931
650 0 _aHuman-animal relationships
_vAnecdotes.
_95903932
650 0 _aBob (Cat)
_95903933
650 0 _aHomeless men
_zEngland
_zLondon.
_95903934
650 7 _aPETS / Cats / General.
_2bisacsh
_95896847
650 7 _aBIOGRAPHY & AUTOBIOGRAPHY / Personal Memoirs.
_2bisacsh
_95683614
942 _cBOOK
_04
948 _a12/02/2015
_zSirsi
949 _bwww.MicroMarketing.org 800-229-9887
996 _a126567
_b34301001453218
_cNF
_dbk
_ewcl
_fi
_g4
_h22.99
_lemerypratt
_m636.8 Bow
_p12/02/2015
_q02/29/2016
_r02/23/2016
999 _c288145
_d288145